000 00398nam a2200133Ia 4500
008 151001s9999||||xx |||||||||||||| ||und||
100 _aमायकेल मॅकमीलन
245 _aऐतीहासिक रम्यकथा
250 _a1
260 _bमनोविकास प्रकाशन पुणे
260 _c2011
300 _a111
365 _b21
999 _c997545
_d997542